书目信息 |
| 题名: |
基准气候数据及气候变化观测
|
|
| 作者: | 李庆祥 编著 | |
| 分册: | ||
| 出版信息: | 北京 气象出版社 2018.01 |
|
| 页数: | 352页 | |
| 开本: | 26cm | |
| 丛书名: | ||
| 单 册: | ||
| 中图分类: | P416 | |
| 科图分类: | ||
| 主题词: | 气象数据 , 气候变化 | |
| 电子资源: | ||
| ISBN: | 978-7-5029-6710-9 | |
| 000 | 00827nam0 2200229 450 | |
| 001 | 243 | |
| 005 | 20180921144630.93 | |
| 010 | @a978-7-5029-6710-9@dCNY95.00 | |
| 100 | @a20180412d2018 em y0chiy50 ea | |
| 101 | 0 | @achi |
| 102 | @aCN@b110000 | |
| 105 | @ab z 000yy | |
| 200 | 1 | @a基准气候数据及气候变化观测@9ji zhun qi hou shu ju ji qi hou bian hua guan ce@f李庆祥等编著 |
| 210 | @a北京@c气象出版社@d2018.01 | |
| 215 | @a352页@c地图@d26cm | |
| 330 | @a本书共分5章,分别为基本概念及研究方法、气象资料质量控制与统计整编、基准气候数据产品研发与融合分析、数据产品对比评估与交叉验证、观测到的气候变化事实、成因及影响。每章收录了若干篇相关成果论文。 | |
| 606 | 0 | @a气象数据 |
| 606 | 0 | @a气候变化 |
| 690 | @aP416@v5 | |
| 701 | 0 | @a李庆祥@9li qing xiang@4编著 |
| 801 | 0 | @aCN@b91MARC@c20180412 |
| 905 | @aMuseLib@dP416@e104 | |
| 基准气候数据及气候变化观测/李庆祥等编著.-北京:气象出版社,2018.01 |
| 352页:地图;26cm |
| ISBN 978-7-5029-6710-9:CNY95.00 |
| 本书共分5章,分别为基本概念及研究方法、气象资料质量控制与统计整编、基准气候数据产品研发与融合分析、数据产品对比评估与交叉验证、观测到的气候变化事实、成因及影响。每章收录了若干篇相关成果论文。 |
| ● |
| 相关链接 |
|
|
|
|
正题名:基准气候数据及气候变化观测
索取号:P416/104
 
预约/预借
| 序号 | 登录号 | 条形码 | 馆藏地/架位号 | 状态 | 备注 |
| 1 | 1118949 | 211189499 | 第二样本阅览室/ [索取号:P416/104] | 在馆 | |
| 2 | 1118950 | 211189505 | 第三借阅区/ [索取号:P416/104] | 在馆 | |
| 3 | 1118951 | 211189514 | 第三借阅区/ [索取号:P416/104] | 在馆 | |
| 4 | 1118952 | 211189523 | 第三借阅区/ [索取号:P416/104] | 在馆 | |
| 5 | 1118953 | 211189532 | 密集书库-生命科学系/ [索取号:P416/104] | 在馆 |